|
|
|
|
| LEADER |
01275nam a2200289 a 4500 |
| 001 |
1201442 |
| 008 |
091103s1998 dcua b 000 0 eng d |
| 010 |
|
|
|a \\\98060965
|
| 020 |
|
|
|a 1878071440
|
| 040 |
|
|
|a DDOE
|c DDOE
|d ODaU
|d DLC
|
| 082 |
0 |
0 |
|a 333.95/616
|2 21
|
| 100 |
1 |
|
|a McGinn, Anne Platt.
|
| 245 |
1 |
0 |
|a Rocking the boat :
|b conserving fisheries and protecting jobs /
|c Anne Platt McGinn ; Sophie Chou, research intern ; Jane A. Peterson, editor.
|
| 260 |
|
|
|a Washington, DC :
|b Worldwatch Institute,
|c c1998.
|
| 300 |
|
|
|a 92 p. :
|b ill. ;
|c 22 cm.
|
| 490 |
0 |
|
|a Worldwatch paper ;
|v 142
|
| 500 |
|
|
|a "June 1998."
|
| 504 |
|
|
|a Includes bibliographical references (p. 72-92).
|
| 541 |
1 |
|
|e 00007322
|
| 650 |
|
0 |
|a Fishes
|x Conservation.
|
| 650 |
|
0 |
|a Fisheries
|x Economic aspects.
|
| 650 |
|
0 |
|a Fish trade.
|
| 700 |
1 |
|
|a Peterson, Jane A.
|
| 852 |
4 |
|
|a Ayesha Abed Library
|j General shelf
|
| 999 |
|
|
|c 5098
|d 5098
|
| 952 |
|
|
|0 0
|1 0
|2 ddc
|4 0
|6 333_956160000000000_MCG_1998
|7 0
|9 4951
|a BRACUL
|b BRACUL
|c GEN
|d 2009-11-04
|g 0.00
|l 0
|o 333.95616 MCG
|p 3010007322
|r 2009-11-04
|t 1
|w 2009-11-04
|y BK
|x No price found in the accession register.
|
| 952 |
|
|
|0 0
|1 0
|2 ddc
|4 0
|6 333_956160000000000_MCG_1998
|7 0
|9 9069
|a BRACUL
|b BRACUL
|c GEN
|d 2010-04-07
|l 0
|o 333.95616 MCG
|p 3010006486
|r 2010-04-07
|t 2
|w 2010-04-07
|y BK
|